| 000 | 00528nam a2200181Ia 4500 | ||
|---|---|---|---|
| 003 | OSt | ||
| 005 | 20200918140458.0 | ||
| 008 | 190216s9999||||xx |||||||||||||| ||und|| | ||
| 020 | _a9788122408584 | ||
| 040 | _coclc | ||
| 082 |
_a621.38173 _bGOS/T |
||
| 100 |
_aGoswami, Amar _9260 |
||
| 245 | 0 |
_aThin Film Fundamentals / _cAmar Goswami |
|
| 260 |
_bNew Age International Publishers, _c2008. _aNew Delhi: |
||
| 300 | _a548p | ||
| 650 | _aPhysics | ||
| 942 |
_cBK _2ddc _h621.38173 _iGOS/T _k621.38173 _mGOS/T |
||
| 999 |
_c34436 _d34436 |
||